| 000 | 00000nam 2200000zi 4500 |
| 001 | 9.931481 |
| 003 | CaOODSP |
| 005 | 20240710082141 |
| 006 | m o d f |
| 007 | cr ||||||||||| |
| 008 | 231214t20242024onc ob f000 0 fre d |
| 020 | |a9780660693149 |
| 040 | |aCaOODSP|bfre|erda|cCaOODSP |
| 043 | |an-cn--- |
| 086 | 1 |aMR4-103/1-2024F-PDF |
| 245 | 00|aAtelier de fin de subvention : |bpartenariats pour l’évaluation des politiques sur le cannabis : compte rendu. |
| 264 | 1|a[Ottawa] : |bInstituts de recherche en santé du Canada = Canadian Institutes of Health Research, |c2024. |
| 264 | 4|c©2024 |
| 300 | |a1 ressource en ligne (14 pages) |
| 336 | |atexte|btxt|2rdacontent/fre |
| 337 | |ainformatique|bc|2rdamedia/fre |
| 338 | |aressource en ligne|bcr|2rdacarrier/fre |
| 500 | |aPublié aussi en anglais sous le titre : Partnerships for cannabis policy evaluation end-of-grant workshop: what we heard report. |
| 500 | |a« Date : 13 juin 2023. L’heure : 11 h à 14 h (HE). » |
| 504 | |aComprend des références bibliographiques. |
| 650 | 6|aCannabis|xPolitique gouvernementale|zCanada|xÉvaluation. |
| 710 | 2 |aInstituts de recherche en santé du Canada, |eorganisme de publication. |
| 710 | 2 |aInstitut des neurosciences, de la santé mentale et des toxicomanies (Canada), |eorganisme de publication. |
| 775 | 08|tPartnerships for cannabis policy evaluation end-of-grant workshop : |w(CaOODSP)9.931479 |
| 856 | 40|qPDF|s663 Ko|uhttps://publications.gc.ca/collections/collection_2024/irsc-cihr/MR4-103-1-2024-fra.pdf |
| 856 | 4 |qHTML|sS.O.|uhttps://cihr-irsc.gc.ca/f/53808.html |